EC employment law / (Record no. 5989)

MARC details
000 -LEADER
fixed length control field 00377nam a22001457a 4500
008 - FIXED-LENGTH DATA ELEMENTS--GENERAL INFORMATION
fixed length control field 150409b xxu||||| |||| 00| 0 eng d
020 ## - INTERNATIONAL STANDARD BOOK NUMBER
International Standard Book Number 9780199280025
082 ## - DEWEY DECIMAL CLASSIFICATION NUMBER
Classification number 344.01 BAR
245 ## - TITLE STATEMENT
Title EC employment law /
Statement of responsibility, etc Catherine Barnard
250 ## - EDITION STATEMENT
Edition statement 3rd ed.
260 ## - PUBLICATION, DISTRIBUTION, ETC. (IMPRINT)
Place of publication, distribution, etc London :
Name of publisher, distributor, etc Oxford ,
Date of publication, distribution, etc c2006.
300 ## - PHYSICAL DESCRIPTION
Extent cxxxiii,798p.
Dimensions 24cm.
500 ## - GENERAL NOTE
General note includes index
942 ## - ADDED ENTRY ELEMENTS (KOHA)
Source of classification or shelving scheme Dewey Decimal Classification
Item type Books
Holdings
Withdrawn status Lost status Source of classification or shelving scheme Damaged status Not for loan Home library Current library Shelving location Date acquired Total Checkouts Full call number Date last seen Price effective from Koha item type
    Dewey Decimal Classification     Law Development Centre Main Library Law Development Centre Main Library Text Books and Laws 04/09/2015   344.01 BAR 04/09/2015 04/09/2015 Books